[Event "DEM U12 2023"]
[Site "Willingen GER"]
[Date "2023.05.31"]
[Round "6"]
[White "Böhler, Yannic"]
[Black "Ramming, Moritz"]
[Result "0-1"]
[Termination "normal"]
[Board "18"]
[WhiteElo "1377"]
[BlackElo "1597"]
[WhiteClock "00:00:33"]
[BlackClock "00:15:47"]
[PlyCount "75"]
[WhiteFideId "34609059"]
[BlackFideId "34618198"]
[EventCountry "GER"]
[EventRounds "9"]
[EventType "swiss"]
[EventDate "2023.05.27"]

1. c4 {[%clk 01:30:59]} {[%emt 00:00:18]} e5 {[%clk 01:30:53]} {[%emt
00:00:07]} 2. Nc3 {[%clk 01:31:22]} {[%emt 00:00:07]} Nf6 {[%clk 01:31:11]}
{[%emt 00:00:12]} 3. Nf3 {[%clk 01:31:48]} {[%emt 00:00:04]} Nc6 {[%clk
01:31:27]} {[%emt 00:00:14]} 4. g3 {[%clk 01:32:14]} {[%emt 00:00:04]} d5
{[%clk 01:31:49]} {[%emt 00:00:09]} 5. cxd5 {[%clk 01:32:39]} {[%emt 00:00:05]}
Nxd5 {[%clk 01:32:12]} {[%emt 00:00:06]} 6. Bg2 {[%clk 01:33:05]} {[%emt
00:00:05]} Nb6 {[%clk 01:32:35]} {[%emt 00:00:07]} 7. O-O {[%clk 01:31:23]}
{[%emt 00:02:11]} Be7 {[%clk 01:31:33]} {[%emt 00:01:32]} 8. a3 {[%clk
01:29:40]} {[%emt 00:02:14]} a5 {[%clk 01:31:35]} {[%emt 00:00:28]} 9. d3
{[%clk 01:26:43]} {[%emt 00:03:26]} O-O {[%clk 01:31:17]} {[%emt 00:00:48]} 10.
Rb1 {[%clk 01:25:54]} {[%emt 00:01:19]} Re8 {[%clk 01:30:40]} {[%emt 00:01:08]}
11. Ne1 {[%clk 01:17:43]} {[%emt 00:08:40]} Bf8 {[%clk 01:22:56]} {[%emt
00:08:15]} 12. f4 {[%clk 01:00:46]} {[%emt 00:17:26]} a4 {[%clk 01:14:19]}
{[%emt 00:09:08]} 13. fxe5 {[%clk 00:51:30]} {[%emt 00:09:45]} Nxe5 {[%clk
01:12:26]} {[%emt 00:02:23]} 14. d4 {[%clk 00:51:00]} {[%emt 00:01:00]} Ng4
{[%clk 01:09:36]} {[%emt 00:03:20]} 15. e4 {[%clk 00:49:32]} {[%emt 00:01:58]}
c6 {[%clk 01:07:10]} {[%emt 00:02:56]} 16. b4 {[%clk 00:40:47]} {[%emt
00:09:15]} Nc4 {[%clk 01:05:46]} {[%emt 00:01:54]} 17. Qd3 {[%clk 00:30:58]}
{[%emt 00:10:19]} b5 {[%clk 01:01:26]} {[%emt 00:04:50]} 18. e5 {[%clk
00:30:00]} {[%emt 00:01:28]} Qb6 {[%clk 00:59:15]} {[%emt 00:02:41]} 19. Kh1
{[%clk 00:26:37]} {[%emt 00:03:53]} Be6 {[%clk 00:53:50]} {[%emt 00:05:55]} 20.
h3 {[%clk 00:19:40]} {[%emt 00:07:27]} Nh6 {[%emt 00:04:00]} 21. Bxh6 {[%clk
00:20:01]} {[%emt 00:00:07]} gxh6 {[%clk 00:50:25]} {[%emt 00:00:27]} 22. Ne4
{[%clk 00:19:54]} {[%emt 00:00:37]} Bg7 {[%clk 00:42:27]} {[%emt 00:08:28]} 23.
Nf6+ {[%clk 00:19:37]} {[%emt 00:00:47]} Kf8 {[%clk 00:35:58]} {[%emt
00:06:59]} 24. Nxe8 {[%clk 00:14:42]} {[%emt 00:05:24]} Kxe8 {[%clk 00:33:42]}
{[%emt 00:02:46]} 25. Rf2 {[%clk 00:06:23]} {[%emt 00:08:48]} Rd8 {[%clk
00:33:03]} {[%emt 00:01:09]} 26. Qf3 {[%clk 00:03:56]} {[%emt 00:02:58]} Rc8
{[%clk 00:29:22]} {[%emt 00:04:12]} 27. Qf4 {[%clk 00:01:05]} {[%emt 00:03:19]}
Nxa3 {[%clk 00:28:13]} {[%emt 00:01:40]} 28. Rd1 {[%clk 00:01:27]} {[%emt
00:00:08]} Nc4 {[%clk 00:27:50]} {[%emt 00:00:53]} 29. Nc2 {[%clk 00:00:38]}
{[%emt 00:01:18]} a3 {[%clk 00:25:28]} {[%emt 00:02:53]} 30. Ne3 {[%clk
00:00:59]} {[%emt 00:00:09]} Nb2 {[%clk 00:23:28]} {[%emt 00:02:30]} 31. d5
{[%clk 00:00:34]} {[%emt 00:00:55]} Nxd1 {[%clk 00:21:28]} {[%emt 00:02:30]}
32. Nxd1 {[%clk 00:00:40]} {[%emt 00:00:24]} cxd5 {[%clk 00:20:53]} {[%emt
00:01:05]} 33. Ne3 {[%clk 00:00:37]} {[%emt 00:00:33]} d4 {[%clk 00:19:46]}
{[%emt 00:01:36]} 34. Nd5 {[%clk 00:00:38]} {[%emt 00:00:29]} Qa7 {[%clk
00:17:50]} {[%emt 00:02:27]} 35. Qd2 {[%clk 00:00:32]} {[%emt 00:00:36]} d3
{[%clk 00:16:19]} {[%emt 00:02:01]} 36. Nf6+ {[%clk 00:00:32]} {[%emt
00:00:30]} Bxf6 {[%clk 00:15:35]} {[%emt 00:01:13]} 37. exf6 {[%clk 00:00:58]}
{[%emt 00:00:05]} a2 {[%clk 00:15:47]} {[%emt 00:00:19]} 38. Qxa2 {[%clk
00:00:33]} {[%emt 00:00:55]} 0-1

[Event "DEM U12 2023"]
[Site "Willingen GER"]
[Date "2023.05.31"]
[Round "6"]
[White "Kateryniuk, Ivan"]
[Black "Schmitz, Constantin"]
[Result "1/2-1/2"]
[Termination "normal"]
[Board "19"]
[WhiteElo "1631"]
[BlackElo "1577"]
[WhiteClock "00:04:42"]
[BlackClock "00:31:40"]
[PlyCount "118"]
[WhiteFideId "34138943"]
[BlackFideId "16274660"]
[EventCountry "GER"]
[EventRounds "9"]
[EventType "swiss"]
[EventDate "2023.05.27"]

1. e4 {[%clk 01:30:51]} {[%emt 00:00:08]} c5 {[%clk 01:30:44]} {[%emt
00:00:16]} 2. c3 {[%clk 01:30:47]} {[%emt 00:00:34]} d5 {[%clk 01:31:05]}
{[%emt 00:00:09]} 3. exd5 {[%clk 01:31:08]} {[%emt 00:00:08]} Qxd5 {[%clk
01:31:30]} {[%emt 00:00:05]} 4. d4 {[%clk 01:31:25]} {[%emt 00:00:14]} Nc6
{[%clk 01:31:32]} {[%emt 00:00:29]} 5. Nf3 {[%clk 01:31:39]} {[%emt 00:00:14]}
Bf5 {[%clk 01:29:14]} {[%emt 00:02:49]} 6. Be2 {[%clk 01:31:51]} {[%emt
00:00:18]} cxd4 {[%clk 01:28:49]} {[%emt 00:00:55]} 7. cxd4 {[%clk 01:32:20]}
{[%emt 00:00:01]} Bxb1 {[%clk 01:29:08]} {[%emt 00:00:11]} 8. Rxb1 {[%clk
01:32:48]} {[%emt 00:00:02]} e6 {[%clk 01:28:42]} {[%emt 00:00:56]} 9. O-O
{[%clk 01:32:01]} {[%emt 00:01:17]} Nf6 {[%clk 01:25:10]} {[%emt 00:04:02]} 10.
Bf4 {[%clk 01:32:25]} {[%emt 00:00:07]} Rd8 {[%clk 01:23:32]} {[%emt 00:02:08]}
11. Qa4 {[%clk 01:25:20]} {[%emt 00:07:34]} Be7 {[%clk 01:19:37]} {[%emt
00:04:25]} 12. Rfd1 {[%clk 01:17:29]} {[%emt 00:08:20]} O-O {[%clk 01:17:03]}
{[%emt 00:03:05]} 13. Bc4 {[%clk 01:15:56]} {[%emt 00:02:03]} Qe4 {[%clk
01:15:43]} {[%emt 00:01:48]} 14. Be3 {[%clk 01:05:42]} {[%emt 00:10:44]} Nd5
{[%clk 01:12:56]} {[%emt 00:03:18]} 15. Bd3 {[%clk 00:49:45]} {[%emt 00:16:28]}
Qg4 {[%clk 01:11:33]} {[%emt 00:01:53]} 16. a3 {[%clk 00:42:58]} {[%emt
00:07:18]} Bf6 {[%clk 01:09:15]} {[%emt 00:02:47]} 17. h3 {[%clk 00:41:18]}
{[%emt 00:02:10]} Qh5 {[%clk 01:07:59]} {[%emt 00:01:47]} 18. Bf1 {[%clk
00:40:22]} {[%emt 00:01:25]} e5 {[%clk 01:05:56]} {[%emt 00:02:33]} 19. dxe5
{[%clk 00:34:57]} {[%emt 00:05:55]} Nxe3 {[%clk 01:02:53]} {[%emt 00:03:34]}
20. fxe3 {[%clk 00:33:25]} {[%emt 00:02:02]} Bxe5 {[%clk 01:00:26]} {[%emt
00:02:57]} 21. Qb5 {[%clk 00:32:52]} {[%emt 00:01:04]} Qh6 {[%clk 00:58:59]}
{[%emt 00:01:55]} 22. Kh1 {[%clk 00:31:17]} {[%emt 00:02:07]} Rxd1 {[%clk
00:57:26]} {[%emt 00:02:03]} 23. Rxd1 {[%clk 00:31:43]} {[%emt 00:00:04]} Qxe3
{[%clk 00:54:12]} {[%emt 00:03:42]} 24. Qxb7 {[%clk 00:28:24]} {[%emt
00:03:50]} Qc5 {[%clk 00:41:46]} {[%emt 00:12:56]} 25. Qb5 {[%clk 00:21:59]}
{[%emt 00:06:56]} Qc2 {[%clk 00:41:23]} {[%emt 00:00:53]} 26. Re1 {[%clk
00:18:40]} {[%emt 00:03:48]} Bf6 {[%clk 00:39:25]} {[%emt 00:02:28]} 27. Bd3
{[%clk 00:17:30]} {[%emt 00:01:41]} Qxb2 {[%clk 00:36:01]} {[%emt 00:03:53]}
28. Qxc6 {[%clk 00:16:43]} {[%emt 00:01:19]} Qxa3 {[%clk 00:36:04]} {[%emt
00:00:26]} 29. Bc4 {[%clk 00:16:25]} {[%emt 00:00:47]} h6 {[%clk 00:35:37]}
{[%emt 00:00:56]} 30. Qd7 {[%clk 00:14:47]} {[%emt 00:02:07]} a5 {[%clk
00:34:44]} {[%emt 00:01:25]} 31. Qf5 {[%clk 00:10:59]} {[%emt 00:04:18]} Qc3
{[%clk 00:32:55]} {[%emt 00:02:18]} 32. Bd5 {[%clk 00:08:59]} {[%emt 00:02:32]}
a4 {[%clk 00:31:13]} {[%emt 00:02:11]} 33. Qb1 {[%clk 00:06:53]} {[%emt
00:02:36]} Qc7 {[%clk 00:28:44]} {[%emt 00:02:58]} 34. Qa2 {[%clk 00:07:01]}
{[%emt 00:00:24]} Qd7 {[%clk 00:29:05]} {[%emt 00:00:08]} 35. Re4 {[%clk
00:06:13]} {[%emt 00:01:18]} Rd8 {[%clk 00:28:49]} {[%emt 00:00:46]} 36. Bc4
{[%clk 00:05:23]} {[%emt 00:01:21]} Qd1+ {[%clk 00:27:50]} {[%emt 00:01:29]}
37. Re1 {[%clk 00:05:52]} Qd7 {[%clk 00:27:57]} {[%emt 00:00:23]} 38. Rb1
{[%clk 00:04:26]} {[%emt 00:01:56]} Qa7 {[%clk 00:24:30]} {[%emt 00:03:57]} 39.
Bd5 {[%clk 00:03:20]} {[%emt 00:01:36]} Qd7 {[%clk 00:24:45]} {[%emt 00:00:14]}
40. Bc4 {[%clk 00:02:13]} {[%emt 00:01:38]} Qa7 {[%clk 00:24:34]} {[%emt
00:00:41]} 41. Qe2 {[%clk 00:00:34]} {[%emt 00:02:09]} a3 {[%clk 00:23:52]}
{[%emt 00:01:12]} 42. Ba2 {[%clk 00:29:36]} {[%emt 00:01:28]} Qd7 {[%clk
00:50:35]} {[%emt 00:03:46]} 43. Qe4 {[%clk 00:25:21]} {[%emt 00:04:46]} Rf8
{[%clk 00:48:20]} {[%emt 00:02:44]} 44. Rb6 {[%clk 00:21:54]} {[%emt 00:03:57]}
Qd1+ {[%clk 00:47:04]} {[%emt 00:01:46]} 45. Kh2 {[%clk 00:22:22]} {[%emt
00:00:01]} Qd8 {[%clk 00:46:57]} {[%emt 00:00:37]} 46. Rc6 {[%clk 00:21:48]}
{[%emt 00:01:02]} Qb8+ {[%clk 00:47:05]} {[%emt 00:00:25]} 47. Kh1 {[%clk
00:22:10]} {[%emt 00:00:06]} Qd8 {[%clk 00:46:14]} {[%emt 00:01:22]} 48. Bb1
{[%clk 00:22:01]} {[%emt 00:00:39]} g6 {[%clk 00:43:34]} {[%emt 00:03:09]} 49.
Nh4 {[%clk 00:20:02]} {[%emt 00:02:26]} Re8 {[%clk 00:42:16]} {[%emt 00:01:51]}
50. Qg4 {[%clk 00:08:10]} {[%emt 00:12:21]} Re1+ {[%clk 00:41:24]} {[%emt
00:01:23]} 51. Kh2 {[%clk 00:08:31]} {[%emt 00:00:09]} Be5+ {[%clk 00:39:42]}
{[%emt 00:02:13]} 52. g3 {[%clk 00:08:42]} {[%emt 00:00:19]} Qd2+ {[%clk
00:38:54]} {[%emt 00:01:19]} 53. Ng2 {[%clk 00:08:56]} {[%emt 00:00:15]} Rxb1
{[%clk 00:36:42]} {[%emt 00:02:43]} 54. Rxg6+ {[%clk 00:07:37]} {[%emt
00:01:49]} fxg6 {[%clk 00:35:34]} {[%emt 00:01:38]} 55. Qxg6+ {[%clk 00:08:00]}
{[%emt 00:00:04]} Kh8 {[%clk 00:34:08]} {[%emt 00:01:58]} 56. Qe8+ {[%clk
00:07:16]} {[%emt 00:01:15]} Kh7 {[%clk 00:34:16]} {[%emt 00:00:22]} 57. Qf7+
{[%clk 00:05:59]} {[%emt 00:01:47]} Bg7 {[%clk 00:33:55]} {[%emt 00:00:51]} 58.
Qf5+ {[%clk 00:05:29]} {[%emt 00:01:00]} Kg8 {[%clk 00:33:23]} {[%emt
00:01:01]} 59. Qe6+ {[%clk 00:04:42]} {[%emt 00:01:17]} Kh7 {[%clk 00:31:40]}
{[%emt 00:02:14]} 1/2-1/2

[Event "DEM U12 2023"]
[Site "Willingen GER"]
[Date "2023.05.31"]
[Round "6"]
[White "Lee, Ho In"]
[Black "Leonhardt, Max"]
[Result "1-0"]
[Termination "normal"]
[Board "20"]
[WhiteElo "1492"]
[BlackElo "1232"]
[WhiteClock "01:14:45"]
[BlackClock "01:05:58"]
[PlyCount "61"]
[WhiteFideId "34623655"]
[BlackFideId "34623647"]
[EventCountry "GER"]
[EventRounds "9"]
[EventType "swiss"]
[EventDate "2023.05.27"]

1. e4 {[%clk 01:30:54]} {[%emt 00:00:03]} e5 {[%clk 01:30:48]} {[%emt
00:00:15]} 2. Nf3 {[%clk 01:31:14]} {[%emt 00:00:11]} Nc6 {[%clk 01:30:56]}
{[%emt 00:00:21]} 3. Bc4 {[%clk 01:31:04]} {[%emt 00:00:40]} Bc5 {[%clk
01:31:04]} {[%emt 00:00:22]} 4. c3 {[%clk 01:31:30]} {[%emt 00:00:05]} Nf6
{[%clk 01:31:24]} {[%emt 00:00:10]} 5. d4 {[%clk 01:31:54]} {[%emt 00:00:06]}
exd4 {[%clk 01:31:35]} {[%emt 00:00:18]} 6. e5 {[%clk 01:32:19]} {[%emt
00:00:05]} Ng4 {[%clk 01:29:56]} {[%emt 00:02:09]} 7. cxd4 {[%clk 01:31:25]}
{[%emt 00:01:25]} Bb4+ {[%clk 01:29:55]} {[%emt 00:00:31]} 8. Nc3 {[%clk
01:31:38]} {[%emt 00:00:17]} d6 {[%clk 01:29:34]} {[%emt 00:00:51]} 9. exd6
{[%clk 01:30:23]} {[%emt 00:01:46]} cxd6 {[%clk 01:29:45]} {[%emt 00:00:18]}
10. h3 {[%clk 01:30:35]} {[%emt 00:00:19]} Nf6 {[%clk 01:27:50]} {[%emt
00:02:25]} 11. Bg5 {[%clk 01:30:56]} {[%emt 00:00:09]} h6 {[%clk 01:28:01]}
{[%emt 00:00:19]} 12. Bh4 {[%clk 01:31:10]} {[%emt 00:00:16]} O-O {[%clk
01:27:46]} {[%emt 00:00:46]} 13. O-O {[%clk 01:31:30]} {[%emt 00:00:09]} Bf5
{[%clk 01:25:27]} {[%emt 00:02:48]} 14. Nd5 {[%clk 01:31:18]} {[%emt 00:00:42]}
a6 {[%clk 01:23:20]} {[%emt 00:02:38]} 15. a3 {[%clk 01:29:30]} {[%emt
00:02:18]} Ba5 {[%clk 01:23:35]} {[%emt 00:00:15]} 16. b4 {[%clk 01:29:53]}
{[%emt 00:00:07]} Bc7 {[%clk 01:23:50]} {[%emt 00:00:15]} 17. Nxf6+ {[%clk
01:29:47]} {[%emt 00:00:36]} gxf6 {[%clk 01:24:04]} {[%emt 00:00:17]} 18. Rc1
{[%clk 01:29:52]} {[%emt 00:00:24]} d5 {[%clk 01:23:27]} {[%emt 00:01:06]} 19.
Ba2 {[%clk 01:29:01]} {[%emt 00:01:22]} Bf4 {[%clk 01:23:25]} {[%emt 00:00:31]}
20. Rc5 {[%clk 01:22:58]} {[%emt 00:06:34]} Be6 {[%clk 01:22:18]} {[%emt
00:01:37]} 21. Re1 {[%clk 01:18:49]} {[%emt 00:04:38]} Bg5 {[%clk 01:21:02]}
{[%emt 00:01:47]} 22. Bg3 {[%clk 01:18:23]} {[%emt 00:00:52]} f5 {[%clk
01:17:31]} {[%emt 00:04:05]} 23. Ne5 {[%clk 01:13:31]} {[%emt 00:05:22]} Nxe5
{[%clk 01:16:54]} {[%emt 00:01:08]} 24. Bxe5 {[%clk 01:13:53]} {[%emt
00:00:08]} Be7 {[%clk 01:17:06]} {[%emt 00:00:18]} 25. Rc3 {[%clk 01:13:50]}
{[%emt 00:00:32]} f6 {[%clk 01:17:04]} {[%emt 00:00:32]} 26. Bc7 {[%clk
01:13:58]} {[%emt 00:00:22]} Qd7 {[%clk 01:17:07]} {[%emt 00:00:27]} 27. Rg3+
{[%clk 01:14:11]} {[%emt 00:00:17]} Kh7 {[%clk 01:17:08]} {[%emt 00:00:29]} 28.
Bf4 {[%clk 01:14:20]} {[%emt 00:00:21]} Rg8 {[%clk 01:16:45]} {[%emt 00:00:52]}
29. Rge3 {[%clk 01:14:35]} {[%emt 00:00:15]} Bxb4 {[%clk 01:05:52]} {[%emt
00:11:23]} 30. axb4 {[%clk 01:14:51]} {[%emt 00:00:15]} Qg7 {[%clk 01:05:58]}
{[%emt 00:00:23]} 31. Rg3 {[%clk 01:14:45]} {[%emt 00:00:36]} 1-0

[Event "DEM U12 2023"]
[Site "Willingen GER"]
[Date "2023.05.31"]
[Round "6"]
[White "Sarian, David"]
[Black "Radeke, Timothy"]
[Result "0-1"]
[Termination "normal"]
[Board "21"]
[WhiteElo "1480"]
[BlackElo "1485"]
[WhiteClock "00:28:43"]
[BlackClock "00:05:03"]
[PlyCount "158"]
[WhiteFideId "34660275"]
[BlackFideId "16289412"]
[EventCountry "GER"]
[EventRounds "9"]
[EventType "swiss"]
[EventDate "2023.05.27"]

1. e4 {[%clk 01:30:58]} {[%emt 00:00:02]} e5 {[%clk 01:30:57]} {[%emt
00:00:04]} 2. Nf3 {[%clk 01:31:22]} {[%emt 00:00:05]} Nc6 {[%clk 01:31:24]}
{[%emt 00:00:04]} 3. Bb5 {[%clk 01:31:47]} {[%emt 00:00:05]} a6 {[%clk
01:31:50]} {[%emt 00:00:04]} 4. Ba4 {[%clk 01:32:13]} {[%emt 00:00:04]} Nf6
{[%clk 01:32:16]} {[%emt 00:00:04]} 5. Nc3 {[%clk 01:32:32]} {[%emt 00:00:10]}
b5 {[%clk 01:32:23]} {[%emt 00:00:23]} 6. Bb3 {[%clk 01:32:53]} {[%emt
00:00:09]} d6 {[%clk 01:32:10]} {[%emt 00:00:43]} 7. d3 {[%clk 01:33:15]}
{[%emt 00:00:07]} Na5 {[%clk 01:32:15]} {[%emt 00:00:25]} 8. O-O {[%clk
01:33:30]} {[%emt 00:00:15]} Nxb3 {[%clk 01:32:28]} {[%emt 00:00:17]} 9. axb3
{[%clk 01:33:55]} {[%emt 00:00:05]} Bb7 {[%clk 01:32:47]} {[%emt 00:00:12]} 10.
Re1 {[%clk 01:34:17]} {[%emt 00:00:08]} Be7 {[%clk 01:32:48]} {[%emt 00:00:29]}
11. h3 {[%clk 01:34:11]} {[%emt 00:00:35]} O-O {[%clk 01:33:10]} {[%emt
00:00:09]} 12. Ne2 {[%clk 01:33:36]} {[%emt 00:01:05]} h6 {[%clk 01:31:21]}
{[%emt 00:02:20]} 13. Ng3 {[%clk 01:33:58]} {[%emt 00:00:07]} Re8 {[%clk
01:31:11]} {[%emt 00:00:40]} 14. Bd2 {[%clk 01:34:00]} {[%emt 00:00:28]} Bf8
{[%emt 00:00:35]} 15. b4 {[%clk 01:32:25]} {[%emt 00:02:03]} g6 {[%clk
01:27:19]} {[%emt 00:04:20]} 16. Qc1 {[%clk 01:30:45]} {[%emt 00:02:10]} Kh7
{[%clk 01:27:22]} {[%emt 00:00:27]} 17. b3 {[%clk 01:28:07]} {[%emt 00:03:07]}
Bg7 {[%clk 01:26:51]} {[%emt 00:01:01]} 18. c4 {[%clk 01:28:24]} {[%emt
00:00:13]} Qd7 {[%clk 01:22:30]} {[%emt 00:04:52]} 19. Qc2 {[%clk 01:27:43]}
{[%emt 00:01:10]} Ng8 {[%clk 01:18:28]} {[%emt 00:04:32]} 20. Nh2 {[%clk
01:27:35]} {[%emt 00:00:38]} Ne7 {[%emt 00:04:26]} 21. Rac1 {[%clk 01:25:01]}
Nc6 {[%clk 01:16:19]} {[%emt 00:01:46]} 22. Nf3 {[%clk 01:23:13]} {[%emt
00:02:18]} Rec8 {[%clk 01:08:00]} {[%emt 00:08:51]} 23. Ra1 {[%clk 01:20:39]}
{[%emt 00:03:02]} Ne7 {[%clk 00:49:28]} {[%emt 00:19:02]} 24. Rec1 {[%clk
01:13:26]} {[%emt 00:07:43]} f5 {[%clk 00:48:51]} {[%emt 00:01:08]} 25. Re1
{[%emt 00:01:58]} f4 {[%clk 00:48:22]} {[%emt 00:00:30]} 26. Ne2 {[%clk
01:10:43]} {[%emt 00:02:11]} g5 {[%clk 00:46:06]} {[%emt 00:02:48]} 27. Nh2
{[%clk 01:09:10]} {[%emt 00:02:02]} Rf8 {[%clk 00:42:23]} {[%emt 00:04:14]} 28.
f3 {[%clk 01:07:26]} {[%emt 00:02:15]} Ng6 {[%clk 00:41:26]} {[%emt 00:01:26]}
29. Rec1 {[%clk 01:07:20]} {[%emt 00:00:36]} Rf7 {[%clk 00:36:49]} {[%emt
00:05:07]} 30. c5 {[%clk 01:06:50]} {[%emt 00:01:00]} dxc5 {[%clk 00:35:13]}
{[%emt 00:02:06]} 31. bxc5 {[%clk 01:07:13]} {[%emt 00:00:08]} c6 {[%clk
00:35:27]} {[%emt 00:00:16]} 32. Bc3 {[%clk 01:04:17]} {[%emt 00:03:25]} Nf8
{[%clk 00:27:29]} {[%emt 00:08:29]} 33. Rd1 {[%clk 01:04:27]} {[%emt 00:00:20]}
Ne6 {[%clk 00:27:47]} {[%emt 00:00:12]} 34. b4 {[%clk 01:04:49]} {[%emt
00:00:08]} Nd4 {[%clk 00:27:57]} {[%emt 00:00:20]} 35. Bxd4 {[%clk 01:03:55]}
{[%emt 00:01:24]} exd4 {[%clk 00:28:12]} {[%emt 00:00:16]} 36. Nc1 {[%clk
01:04:15]} {[%emt 00:00:10]} h5 {[%clk 00:27:15]} {[%emt 00:01:27]} 37. Nb3
{[%clk 01:04:24]} {[%emt 00:00:20]} Qc7 {[%emt 00:04:22]} 38. Rd2 {[%clk
01:02:19]} Rg8 {[%clk 00:18:46]} {[%emt 00:07:41]} 39. Re2 {[%clk 01:01:27]}
{[%emt 00:01:22]} Be5 {[%clk 00:17:56]} {[%emt 00:01:21]} 40. Qa2 {[%clk
01:00:01]} {[%emt 00:01:55]} Bc8 {[%clk 00:16:41]} {[%emt 00:01:45]} 41. Rf2
{[%clk 00:59:51]} {[%emt 00:00:39]} Qe7 {[%clk 00:08:18]} {[%emt 00:08:53]} 42.
Na5 {[%clk 00:57:51]} {[%emt 00:02:30]} Rf6 {[%clk 00:06:08]} {[%emt 00:02:40]}
43. Kf1 {[%clk 00:53:43]} {[%emt 00:04:38]} Qg7 {[%clk 00:02:55]} {[%emt
00:03:43]} 44. Qc2 {[%clk 00:53:13]} {[%emt 00:00:59]} Qh6 {[%clk 00:02:02]}
{[%emt 00:01:24]} 45. Ke2 {[%clk 00:48:30]} {[%emt 00:05:14]} g4 {[%clk
00:30:10]} {[%emt 00:02:22]} 46. hxg4 {[%clk 01:18:35]} {[%emt 00:00:25]} hxg4
{[%clk 00:30:28]} {[%emt 00:00:13]} 47. Nxg4 {[%clk 01:18:56]} {[%emt
00:00:08]} Bxg4 {[%clk 00:30:53]} {[%emt 00:00:05]} 48. fxg4 {[%clk 01:19:22]}
{[%emt 00:00:05]} Rxg4 {[%clk 00:30:54]} {[%emt 00:00:28]} 49. Raf1 {[%clk
01:18:59]} {[%emt 00:00:52]} Rfg6 {[%clk 00:26:51]} {[%emt 00:04:34]} 50. Kd1
{[%clk 01:17:28]} {[%emt 00:01:59]} Qh2 {[%clk 00:25:10]} {[%emt 00:02:13]} 51.
Qa2 {[%clk 01:15:30]} {[%emt 00:02:27]} Bg7 {[%clk 00:14:43]} {[%emt 00:10:58]}
52. Qf7 {[%clk 01:13:46]} {[%emt 00:02:09]} Rf6 {[%clk 00:14:01]} {[%emt
00:01:17]} 53. Qa2 {[%clk 01:14:02]} {[%emt 00:00:14]} Qg3 {[%clk 00:13:21]}
{[%emt 00:01:11]} 54. Qe2 {[%clk 01:13:55]} {[%emt 00:00:35]} Rh6 {[%clk
00:10:53]} {[%emt 00:03:00]} 55. Qf3 {[%clk 01:04:48]} {[%emt 00:09:36]} Be5
{[%clk 00:10:19]} {[%emt 00:01:04]} 56. Qxg3 {[%clk 01:03:05]} {[%emt
00:02:13]} Rxg3 {[%clk 00:10:38]} {[%emt 00:00:11]} 57. Ke2 {[%clk 01:02:50]}
{[%emt 00:00:44]} Rhg6 {[%clk 00:07:20]} {[%emt 00:03:48]} 58. Rh1+ {[%clk
00:58:38]} {[%emt 00:04:41]} Kg7 {[%clk 00:07:11]} {[%emt 00:00:40]} 59. Rh5
{[%clk 00:58:40]} {[%emt 00:00:27]} Bc7 {[%clk 00:07:12]} {[%emt 00:00:29]} 60.
Nb3 {[%clk 00:58:34]} {[%emt 00:00:36]} Re3+ {[%clk 00:06:23]} {[%emt
00:01:20]} 61. Kd2 {[%clk 00:56:07]} {[%emt 00:02:56]} Rgg3 {[%clk 00:06:16]}
{[%emt 00:00:38]} 62. Nc1 {[%clk 00:52:10]} {[%emt 00:04:27]} a5 {[%clk
00:02:31]} {[%emt 00:04:16]} 63. bxa5 {[%clk 00:52:33]} {[%emt 00:00:07]} Bxa5+
{[%clk 00:02:56]} {[%emt 00:00:05]} 64. Kc2 {[%clk 00:52:58]} {[%emt 00:00:04]}
Bc3 {[%clk 00:02:16]} {[%emt 00:01:10]} 65. Rh3 {[%clk 00:48:34]} {[%emt
00:04:53]} Rxh3 {[%clk 00:01:28]} {[%emt 00:01:19]} 66. gxh3 {[%clk 00:48:58]}
{[%emt 00:00:06]} f3 {[%clk 00:01:33]} {[%emt 00:00:25]} 67. Kb3 {[%clk
00:37:41]} {[%emt 00:11:46]} Be1 {[%clk 00:01:03]} {[%emt 00:01:00]} 68. Rf1
{[%clk 00:36:49]} {[%emt 00:01:21]} f2 {[%clk 00:01:02]} {[%emt 00:00:32]} 69.
h4 {[%clk 00:36:32]} {[%emt 00:00:47]} Rg3 {[%clk 00:01:22]} {[%emt 00:00:10]}
70. Ne2 {[%clk 00:25:56]} {[%emt 00:11:06]} Rxd3+ {[%clk 00:01:46]} {[%emt
00:00:06]} 71. Kc2 {[%clk 00:26:20]} {[%emt 00:00:04]} Rd2+ {[%clk 00:02:12]}
{[%emt 00:00:06]} 72. Kc1 {[%clk 00:26:45]} {[%emt 00:00:05]} Rxe2 {[%clk
00:02:38]} {[%emt 00:00:04]} 73. Kd1 {[%clk 00:27:04]} {[%emt 00:00:11]} Rxe4
{[%clk 00:03:02]} {[%emt 00:00:06]} 74. h5 {[%clk 00:27:29]} {[%emt 00:00:05]}
b4 {[%clk 00:03:28]} {[%emt 00:00:05]} 75. Kc2 {[%clk 00:27:36]} {[%emt
00:00:22]} Rg4 {[%clk 00:03:54]} {[%emt 00:00:03]} 76. Kd3 {[%clk 00:27:57]}
{[%emt 00:00:09]} b3 {[%clk 00:04:20]} {[%emt 00:00:06]} 77. h6+ {[%clk
00:27:59]} {[%emt 00:00:27]} Kxh6 {[%clk 00:04:45]} {[%emt 00:00:05]} 78. Rxe1
{[%clk 00:28:22]} {[%emt 00:00:06]} fxe1=Q {[%clk 00:05:08]} {[%emt 00:00:08]}
79. Kc4 {[%clk 00:28:43]} {[%emt 00:00:08]} Qc3# {[%clk 00:05:03]} {[%emt
00:00:06]} 0-1